00485nam a2200157Ia 4500008004100000020001800041041000800059082001700067100001500084245001900099250001000118260004800128700001700176999001900193952011500212230717s9999 xx 000 0 und d a81-7733-102-7 aeng a343.052bPUL aPuliani R  aIncome Tax Act a11ed. aNew DelhibBharat Law House Pvt. Ltd.c2002 a Puliani M., c671728d671728 011040708LLBaNLPbNLPd2002-03-31g200.00l0o343.052 PULpNLP-N05985r2023-07-17 00:00:00w2023-07-17yBK